[Event "European Blitz 2022"]
[Site "Katowice POL"]
[Date "2022.12.16"]
[Round "15.43"]
[White "Blohberger, Felix"]
[Black "Paszewski, Mateusz"]
[Result "1-0"]
[WhiteTitle "GM"]
[BlackTitle "FM"]
[WhiteElo "2490"]
[BlackElo "2282"]
[WhiteFideId "1632051"]
[BlackFideId "1141058"]
[EventDate "2022.12.16"]

1. d4 d5 2. c4 c6 3. cxd5 cxd5 4. Bf4 Nc6 5. e3 Nf6 6. Bb5 Bd7 7. Nf3 e6 8. O-O
Na5 9. Bd3 Rc8 10. Nc3 Bb4 11. Nb5 Qb6 12. Rc1 Nc4 13. Bxc4 dxc4 14. Nc3 O-O 15.
Ne5 Rfd8 16. Qe2 Qa6 17. Bg5 Be7 18. Ne4 Be8 19. Nxf6+ Bxf6 20. Bxf6 gxf6 21.
Ng4 f5 22. Nf6+ Kg7 23. Nh5+ Kf8 24. a3 Qd6 25. Nf6 Kg7 26. Nxe8+ Rxe8 27. Rxc4
Qa6 28. Rfc1 Rc6 29. Kf1 Qb6 30. Rxc6 bxc6 31. Qc4 Rb8 32. Rc2 Rc8 33. g3 Qb8
34. Qc5 Qb3 35. Qc4 Qb6 36. Qc5 Qb3 37. Kg2 Qd3 38. Qe5+ f6 39. Qc5 Qe4+ 40. Kg1
Kg6 41. Rc1 h5 42. Qc2 Qf3 43. Qd1 Qe4 44. h4 Rd8 45. Qc2 Qxc2 46. Rxc2 Rb8 47.
b4 Rb6 48. Kf1 Kf7 49. Ke2 Ke7 50. Kd3 Kd6 51. Rc5 Rb7 52. Ra5 Rg7 53. Ra6 Kd5
54. Ra5+ Kd6 55. Kc4 Rc7 56. Ra6 Rb7 57. a4 Kd7 58. Kc5 Rc7 59. f3 Rb7 60. Rxc6
Ke7 61. b5 Rb8 62. Rc7+ Kd8 63. Kd6 1-0

[Event "European Blitz 2022"]
[Site "Katowice POL"]
[Date "2022.12.16"]
[Round "15.44"]
[White "Tregubov, Pavel V."]
[Black "Muter, Donny"]
[Result "1-0"]
[WhiteTitle "GM"]
[WhiteElo "2553"]
[BlackElo "2206"]
[WhiteFideId "4115341"]
[BlackFideId "409170"]
[EventDate "2022.12.16"]

1. e4 d6 2. d4 Nf6 3. Nc3 c6 4. Nf3 Bg4 5. h3 Bh5 6. Be2 Qc7 7. O-O e5 8. a4
Nbd7 9. dxe5 dxe5 10. Nd2 Bg6 11. Re1 Be7 12. Bf1 O-O 13. Nc4 a5 14. Qf3 Nc5 15.
Qg3 Ncd7 16. Bd3 Rfe8 17. Be3 Bc5 18. Rad1 Rad8 19. f3 Bxe3+ 20. Nxe3 Nh5 21.
Qf2 Nf4 22. Bf1 b6 23. Nc4 Nc5 24. b3 f6 25. Ne2 Nfe6 26. Ng3 Rxd1 27. Rxd1 Rd8
28. Rd2 Bf7 29. Nf5 g6 30. Nh6+ Kg7 31. Nxf7 Kxf7 32. h4 Rxd2 33. Qxd2 Qd7 34.
Qh6 Nf8 35. Qe3 Qd8 36. Nxa5 Qc7 37. Nc4 Nfe6 38. Qd2 Nd4 39. b4 Nce6 40. c3 b5
41. Na5 bxa4 42. cxd4 Nxd4 43. Qa2+ Kg7 44. Qxa4 Qa7 45. Kh2 f5 46. Qa1 Qe7 47.
Qc3 Qxh4+ 48. Kg1 Qg3 49. Nxc6 f4 50. Nxd4 exd4 51. Qxd4+ Kh6 52. b5 1-0

[Event "European Blitz 2022"]
[Site "Katowice POL"]
[Date "2022.12.16"]
[Round "15.45"]
[White "Licznerski, Lukasz"]
[Black "Trushko, Andrii"]
[Result "1/2-1/2"]
[WhiteTitle "IM"]
[WhiteElo "2441"]
[BlackElo "2006"]
[WhiteFideId "1179250"]
[BlackFideId "14172887"]
[EventDate "2022.12.16"]

1. e4 c6 2. d4 d5 3. Nc3 dxe4 4. Nxe4 h5 5. Nf3 Bg4 6. c3 e6 7. h3 Bxf3 8. Qxf3
Nd7 9. Bc4 Ngf6 10. Ng5 Nb6 11. Bb3 a5 12. a3 Bd6 13. O-O O-O 14. Bd2 Qc7 15.
Rad1 e5 16. dxe5 Bxe5 17. Rfe1 c5 18. Be3 Nbd7 19. Bc4 Bh2+ 20. Kh1 Ne5 21. Qe2
Nxc4 22. Qxc4 Bd6 23. a4 Rae8 24. Re2 Re5 25. Bf4 Rxe2 26. Bxd6 Re1+ 27. Rxe1
Qxd6 28. Qb3 b6 29. Rd1 Qf4 30. Nf3 Qc7 31. Re1 Rd8 32. Qc4 Re8 33. Rxe8+ Nxe8
34. Kg1 Qc6 35. Ne5 Qf6 36. Qd5 Nc7 37. Qe4 Qe6 38. Qf4 Nd5 39. Qh2 Qf5 40. Qg3
Nf4 41. Qe3 Nd5 42. Qe1 Qc2 43. Nc4 Nf4 44. Qe8+ Kh7 45. Qe3 Nd5 46. Qe5 Nf6 47.
Qd6 Qb1+ 48. Kh2 Ne4 49. Qf4 Nf6 50. Qf3 Kh8 51. Qa8+ Kh7 52. Qf3 Kh8 53. g3 h4
54. gxh4 Kh7 55. Kg2 Qg6+ 56. Kh2 Qb1 57. Qf5+ 1/2-1/2

[Event "European Blitz 2022"]
[Site "Katowice POL"]
[Date "2022.12.16"]
[Round "15.46"]
[White "Peyrer, Konstantin"]
[Black "Wisniewski, Michal"]
[Result "1/2-1/2"]
[WhiteTitle "FM"]
[BlackTitle "FM"]
[WhiteElo "2380"]
[BlackElo "2168"]
[WhiteFideId "1640879"]
[BlackFideId "1159682"]
[EventDate "2022.12.16"]

1. e4 Nf6 2. Nc3 d6 3. d4 g6 4. Be3 Bg7 5. f3 c6 6. a4 O-O 7. Qd2 Nbd7 8. h4 Qa5
9. Nge2 b5 10. Nc1 b4 11. N3e2 c5 12. Bh6 Ba6 13. Bxg7 Kxg7 14. h5 cxd4 15. hxg6
fxg6 16. Nb3 Qe5 17. Nbxd4 Bxe2 18. Bxe2 Qg3+ 19. Kd1 Nc5 20. Bc4 h5 21. Kc1
Nfd7 22. Rh3 Qf4 23. Qxf4 Rxf4 24. Nc6 Ne5 25. Nxe5 dxe5 26. a5 a6 27. Kd2 Rd8+
28. Ke3 Rd4 29. Be2 Rf6 30. Rhh1 Rfd6 31. Rhc1 Rd2 32. Rab1 Ne6 33. Rd1 Rxc2 34.
Rxd6 exd6 35. Bxa6 Rc5 36. Ra1 Nd4 37. Bd3 Nb3 38. Ra4 Rxa5 39. Rxb4 Nc5 40. Be2
Ra1 41. Rb6 Rb1 42. b4 Rb3+ 43. Kd2 Ne6 44. b5 Nd4 45. Bc4 Rb4 46. Kc3 Ra4 47.
Rxd6 Ra1 48. f4 Rc1+ 49. Kb4 Nc2+ 50. Ka5 Ne3 51. Rd7+ Kh6 52. Bf7 exf4 53. b6
Ra1+ 54. Kb5 Rb1+ 55. Ka6 Nc2 56. b7 Nb4+ 57. Kb5 Nd5+ 58. Kc5 Nf6 59. Re7 Nxe4+
60. Rxe4 Rxb7 61. Bd5 Rb2 62. Rxf4 Kg5 63. Rd4 h4 64. Kc4 Ra2 65. Kc3 Ra3+ 66.
Bb3 Ra5 67. Kd2 Re5 68. Bd1 Re8 69. Rg4+ Kf5 70. Rxh4 g5 71. Bc2+ Ke5 72. Re4+ 1/2-1/2

[Event "European Blitz 2022"]
[Site "Katowice POL"]
[Date "2022.12.16"]
[Round "15.47"]
[White "Jablonicky, Martin"]
[Black "Subelj, Jan"]
[Result "0-1"]
[WhiteTitle "FM"]
[BlackTitle "IM"]
[WhiteElo "2388"]
[BlackElo "2492"]
[WhiteFideId "14925621"]
[BlackFideId "14618583"]
[EventDate "2022.12.16"]

1. Nf3 d5 2. e3 Nf6 3. c4 c6 4. b3 Bf5 5. Bb2 e6 6. Be2 h6 7. Nc3 Nbd7 8. O-O
Bd6 9. d4 O-O 10. Rc1 Qe7 11. Bd3 Bxd3 12. Qxd3 Ba3 13. Bxa3 Qxa3 14. Rc2 a5 15.
e4 dxe4 16. Nxe4 a4 17. Nxf6+ Nxf6 18. h3 Rfd8 19. Qe3 axb3 20. axb3 Qb4 21. Rd1
Ra3 22. Rd3 Ra1+ 23. Kh2 Rda8 24. Ne5 Re1 25. Re2 Raa1 26. Rdd2 Reb1 27. Nxf7
Kxf7 28. Qxe6+ Kg6 29. Re3 Rh1+ 0-1

[Event "European Blitz 2022"]
[Site "Katowice POL"]
[Date "2022.12.16"]
[Round "15.48"]
[White "Kuzmicz, Krystian"]
[Black "Chyzy, Jakub"]
[Result "0-1"]
[WhiteTitle "IM"]
[BlackTitle "FM"]
[WhiteElo "2466"]
[BlackElo "2247"]
[WhiteFideId "1119125"]
[BlackFideId "21806209"]
[EventDate "2022.12.16"]

1. e4 Nf6 2. d3 e5 3. Nf3 Nc6 4. Nbd2 d5 5. Be2 Bc5 6. O-O O-O 7. a3 a5 8. b3
Re8 9. Bb2 Nd4 10. c3 Nxe2+ 11. Qxe2 dxe4 12. Nxe4 Nxe4 13. dxe4 Qe7 14. h3 f6
15. b4 Bb6 16. Nd2 Be6 17. Nc4 Qf7 18. Nxb6 cxb6 19. Rfd1 Bc4 20. Qe3 Qc7 21.
Rd2 Red8 22. Rad1 Kf7 23. Bc1 Rxd2 24. Qxd2 Ke7 25. Qe1 Rd8 26. Be3 a4 27. f3 b5
28. Rd2 Rxd2 29. Qxd2 Qd7 30. Bc5+ Ke6 31. Qf2 Qd1+ 32. Kh2 Qc1 33. Bf8 Qf4+ 34.
g3 Qc1 35. h4 Qd2 36. Kg1 Qe1+ 37. Kh2 Qd2 38. Kg1 Qd7 39. Kh2 Kf7 40. Bd6 Ke6
41. Bf8 g6 42. h5 gxh5 43. Kh3 Kf7+ 44. Kh4 Bf1 45. g4 hxg4 46. fxg4 Be2 47. Kg3
Qxg4+ 0-1

[Event "European Blitz 2022"]
[Site "Katowice POL"]
[Date "2022.12.16"]
[Round "15.49"]
[White "Thorfinnsson, Bjorn"]
[Black "Kubicka, Anna"]
[Result "1/2-1/2"]
[WhiteTitle "IM"]
[BlackTitle "WIM"]
[WhiteElo "2374"]
[BlackElo "2217"]
[WhiteFideId "2300982"]
[BlackFideId "1152254"]
[EventDate "2022.12.16"]

1. d4 Nf6 2. Nf3 e6 3. Bg5 Be7 4. e3 O-O 5. Bd3 h6 6. h4 b6 7. Nbd2 c5 8. Bxf6
Bxf6 9. g4 cxd4 10. exd4 Bb7 11. c3 Be7 12. g5 hxg5 13. hxg5 g6 14. Qe2 Nc6 15.
O-O-O Kg7 16. Be4 Qc7 17. Qe3 Rh8 18. Rhg1 Rh3 19. a3 Rah8 20. Kb1 R8h5 21. d5
exd5 22. Bxd5 Bd6 23. Nc4 Bf4 24. Qe8 Nd8 25. Bxf7 Nxf7 26. Rxd7 Qxc4 27. Nd4
Bd5 28. Qe7 Rh1 29. Qf6+ Kh7 30. Qxf4 Rxg1+ 31. Kc2 Be6 32. Nxe6 Qxf4 33. Nxf4
Kg7 34. Nxh5+ gxh5 35. Rxa7 Rxg5 36. Ra4 Rg2 37. Rb4 Rxf2+ 38. Kd3 Rf6 39. a4
Ne5+ 40. Ke4 Ng6 41. Rb5 Kh6 42. a5 bxa5 43. Rxa5 h4 44. b4 h3 45. Ra2 Kg5 46.
b5 Nh4 47. c4 Ng2 48. c5 Rf4+ 49. Kd5 Ne3+ 50. Ke5 Rf5+ 51. Kd6 Nc4+ 52. Kc6
Rf6+ 53. Kd5 Ne3+ 54. Ke4 Ng4 55. b6 Nf2+ 56. Kd5 h2 57. Ra1 Rf5+ 58. Kd4 Rf4+
59. Kd5 Rf3 60. b7 Rd3+ 61. Kc4 Rd8 62. c6 Ne4 63. c7 Nd6+ 64. Kb4 Nxb7 65.
cxd8=Q+ Nxd8 66. Rh1 Nc6+ 67. Kc5 Ne5 68. Rxh2 Kf4 69. Kd5 Nf3 70. Rf2 Ke3 71.
Ra2 Kf4 72. Ra3 1/2-1/2

[Event "European Blitz 2022"]
[Site "Katowice POL"]
[Date "2022.12.16"]
[Round "15.50"]
[White "Piesik, Piotr"]
[Black "Marczuk, Dominik"]
[Result "1-0"]
[WhiteTitle "IM"]
[BlackTitle "FM"]
[WhiteElo "2420"]
[BlackElo "2253"]
[WhiteFideId "1136194"]
[BlackFideId "1111264"]
[EventDate "2022.12.16"]

1. Nf3 c5 2. g3 Nc6 3. Bg2 g6 4. O-O Bg7 5. c3 e5 6. e4 Nge7 7. Na3 O-O 8. d4
cxd4 9. cxd4 exd4 10. Bf4 d5 11. e5 Bg4 12. Re1 Qb6 13. Qd2 Rac8 14. h3 Bf5 15.
Rad1 Be4 16. Nxd4 Nxe5 17. Bxe5 Bxe5 18. Bxe4 dxe4 19. Rxe4 Bf6 20. Nb3 Rfd8 21.
Qe2 Rxd1+ 22. Qxd1 Rd8 23. Qe2 Nf5 24. Kg2 Qc6 25. Qf3 Bxb2 26. Nc4 Bg7 27. Nca5
Qd5 28. Re8+ Bf8 29. Rxd8 Qxd8 30. Nxb7 Qb6 31. Qd5 Ne7 32. Qe4 Qc6 33. N7c5 f5
34. Qf3 Qxf3+ 35. Kxf3 Nc6 36. Ke3 Kf7 37. Kd3 Ke7 38. Kc4 Kd6 39. Nd3 Bg7 40.
Nbc5 Ne5+ 41. Nxe5 Bxe5 42. Nd3 Bf6 43. f3 h5 44. a4 Bd8 45. Nf4 g5 46. Nxh5 Ke5
47. g4 fxg4 48. hxg4 Bb6 49. Kd3 Ke6 50. Ng7+ Ke5 51. Nf5 Kf4 52. Ke2 Bc5 53.
Ng7 Ke5 54. Kd3 Bb6 55. Nh5 Bc5 56. Ng3 Bb6 57. Ne4 Kf4 58. Ke2 Bd4 59. Nd2 Bc5
60. Nb3 Bb6 61. Nc1 Ke5 62. Kd3 Kf4 63. Ke2 Ke5 64. Nb3 Kf4 65. Nd2 Bc5 66. Ne4
Bb6 67. Nf6 Bc5 68. Nd5+ Ke5 69. Nc3 Kf4 70. Ne4 Bb6 71. Nf2 Ke5 72. Ne4 Kf4 73.
Nc3 Bc5 74. Nb1 Bb6 75. Nd2 Bc5 76. Nc4 Bd4 77. Nd6 Bb6 78. Nb5 Bc5 79. Nc7 Bb6
80. Nd5+ Ke5 81. Nxb6 axb6 82. Ke3 Kd5 83. f4 gxf4+ 84. Kxf4 1-0

[Event "European Blitz 2022"]
[Site "Katowice POL"]
[Date "2022.12.16"]
[Round "15.51"]
[White "Kruckenhauser, Arthur"]
[Black "Mitusov, Semen"]
[Result "1/2-1/2"]
[WhiteTitle "FM"]
[BlackTitle "IM"]
[WhiteElo "2339"]
[BlackElo "2397"]
[WhiteFideId "1642812"]
[BlackFideId "14151049"]
[EventDate "2022.12.16"]

1. e4 e5 2. Nf3 Nc6 3. Bc4 Bc5 4. c3 Qe7 5. a4 a6 6. d3 d6 7. h3 Nf6 8. Na3 h6
9. Qe2 Be6 10. Be3 Bxe3 11. Qxe3 O-O 12. O-O Rad8 13. Rfe1 Rfe8 14. Bxe6 Qxe6
15. Nc4 d5 16. exd5 Nxd5 17. Qe4 Nf6 18. Qe2 Rd5 19. Ne3 Rd7 20. Nc4 Rde7 21.
Rad1 Qf5 22. b4 e4 23. dxe4 Nxe4 24. Qd3 Qh5 25. Ne3 Re6 26. Nd5 Qg6 27. Nxc7
Rd6 28. Qe3 Rc8 29. Nd5 Nf6 30. Nxf6+ Qxf6 31. Rxd6 Qxd6 32. b5 axb5 33. axb5
Na5 34. Nd4 Qc5 35. Rc1 b6 36. Qg3 Nc4 37. Re1 Nd6 38. Nc6 Nf5 39. Qg4 Qxb5 40.
Qxf5 Qxc6 41. Rb1 Rd8 42. Qb5 Qf6 43. Qxb6 Rd1+ 44. Kh2 Qe5+ 45. g3 Rxb1 46.
Qxb1 Qxc3 47. Qb8+ Kh7 48. Qf4 f6 49. Qf5+ Kg8 50. Qe6+ Kf8 51. Qf5 Qd2 52. Kg2
Qd6 53. h4 Qc6+ 54. Kh2 Kf7 55. h5 Qc7 56. Qg6+ Kf8 57. Qf5 Qb7 58. Qe6 Qa7 59.
Qf5 Qc7 60. Qf3 Qc5 61. g4 Qe5+ 62. Qg3 Qd5 63. Qf4 Qc5 64. Qf3 Qc7+ 65. Qg3 Qb7
66. Qf4 Kf7 67. Qc4+ Kf8 68. Qc5+ Kg8 69. Qf5 Qc7+ 70. Kh3 Qc3+ 71. Kg2 Qc6+ 72.
Qf3 1/2-1/2

[Event "European Blitz 2022"]
[Site "Katowice POL"]
[Date "2022.12.16"]
[Round "15.52"]
[White "Raczek, Krzysztof"]
[Black "Dobrovoljc, Vid"]
[Result "0-1"]
[BlackTitle "FM"]
[WhiteElo "2161"]
[BlackElo "2384"]
[WhiteFideId "21005303"]
[BlackFideId "14609843"]
[EventDate "2022.12.16"]

1. Nf3 Nf6 2. c4 e6 3. Nc3 d5 4. e3 Be7 5. b3 O-O 6. Bb2 b6 7. Be2 Bb7 8. O-O
Nbd7 9. d4 a6 10. Rc1 Rc8 11. Qc2 Bb4 12. Rfd1 Qe7 13. Ne5 dxc4 14. Bxc4 Nxe5
15. dxe5 Ng4 16. Nb1 Qg5 17. f4 Qh5 18. g3 Nxe3 19. Be2 Qh3 20. Bf1 Nxf1 21.
Rxf1 Bc5+ 22. Qxc5 0-1

[Event "European Blitz 2022"]
[Site "Katowice POL"]
[Date "2022.12.16"]
[Round "15.53"]
[White "Maltsevskaya, Aleksandra"]
[Black "Kracht, Raphael"]
[Result "0-1"]
[WhiteTitle "IM"]
[WhiteElo "2400"]
[BlackElo "2124"]
[WhiteFideId "24174041"]
[BlackFideId "16214382"]
[EventDate "2022.12.16"]

1. e4 e5 2. Nf3 Nc6 3. Bb5 Nf6 4. d3 Bc5 5. O-O Nd4 6. Nxd4 Bxd4 7. c3 Bb6 8. d4
O-O 9. dxe5 Nxe4 10. Bd3 d5 11. Nd2 Nxd2 12. Bxd2 f6 13. Qc2 fxe5 14. Bxh7+ Kh8
15. Bd3 e4 16. Be2 c6 17. Be3 Bc7 18. g3 Bh3 19. Rfd1 Qf6 20. c4 Bb6 21. Bf1
Bxf1 22. Rxf1 d4 23. c5 Bc7 24. Bd2 Rae8 25. Rae1 Qf5 26. Bc1 Re6 27. Qd2 d3 28.
Qe3 Rfe8 29. Bd2 Rh6 30. Qd4 Rh7 31. f3 Qh3 32. Qf2 e3 33. Rxe3 Rxe3 34. Bxe3
Rh5 35. Qg2 Qe6 36. Bd2 Re5 37. Rf2 b6 38. f4 Re4 39. f5 Qe7 40. Qf3 bxc5 41.
Qxd3 c4 42. Qf3 Bb6 43. Kg2 Bxf2 44. Qxf2 Re2 0-1

[Event "European Blitz 2022"]
[Site "Katowice POL"]
[Date "2022.12.16"]
[Round "15.54"]
[White "Przybylski, Wojciech"]
[Black "Madan, Augustin"]
[Result "1-0"]
[WhiteTitle "FM"]
[BlackTitle "IM"]
[WhiteElo "2321"]
[BlackElo "2292"]
[WhiteFideId "1117599"]
[BlackFideId "1210327"]
[EventDate "2022.12.16"]

1. e4 e6 2. d4 d5 3. Nc3 Nf6 4. Bg5 h6 5. Bxf6 Qxf6 6. exd5 Bb4 7. Ne2 exd5 8.
a3 Bxc3+ 9. Nxc3 c6 10. Be2 O-O 11. O-O Bf5 12. Qd2 Bg6 13. Nd1 Nd7 14. c3 Rfe8
15. Ne3 h5 16. Qd1 h4 17. Bg4 Nf8 18. h3 Re7 19. Qf3 Qxf3 20. Bxf3 Be4 21. Bg4
g6 22. Rfe1 Rae8 23. Nf1 f5 24. Bd1 f4 25. Bg4 Nh7 26. Nd2 Nf6 27. a4 a5 28. b4
axb4 29. cxb4 Kg7 30. Nb3 Bc2 31. Rxe7+ Rxe7 32. Na5 Nxg4 33. hxg4 g5 34. b5
cxb5 35. axb5 Bd3 36. b6 Ba6 37. Rc1 Kf6 38. Rc8 Re1+ 39. Kh2 Rb1 40. Rd8 Bc4
41. Nxb7 Rxb6 42. Nc5 Rb2 43. Rf8+ Ke7 44. Rf5 Rxf2 45. Re5+ Kd6 46. Kg1 Rf1+
47. Kh2 h3 48. Rxg5 hxg2 49. Rg6+ Kc7 50. Kxg2 f3+ 51. Kg3 Be2 52. Rg7+ Kc6 53.
Rg6+ Kb5 54. Rf6 Kc4 55. Ne6 Rg1+ 56. Kh4 Rh1+ 57. Kg3 Rg1+ 58. Kh4 Kc3 59. g5
Kd2 60. g6 Ke1 61. Ng5 Rh1+ 62. Kg3 Rg1+ 63. Kh4 Rh1+ 64. Kg3 Rg1+ 65. Kh4 Rh1+
66. Nh3 Rh2 67. g7 Rg2 68. Ng5 1-0

[Event "European Blitz 2022"]
[Site "Katowice POL"]
[Date "2022.12.16"]
[Round "15.55"]
[White "Kokol, Peter"]
[Black "Cukrowski, Filip"]
[Result "1-0"]
[WhiteTitle "FM"]
[BlackTitle "FM"]
[WhiteElo "2347"]
[BlackElo "2402"]
[WhiteFideId "14604523"]
[BlackFideId "1171097"]
[EventDate "2022.12.16"]

1. e4 e6 2. d4 d5 3. Nc3 dxe4 4. Nxe4 Nd7 5. Nf3 a6 6. Be3 Ngf6 7. Nxf6+ Nxf6 8.
Bd3 b6 9. Qe2 Bb7 10. O-O-O Be7 11. Kb1 O-O 12. Rhg1 Nd5 13. Bd2 Nb4 14. Bxb4
Bxb4 15. Ne5 Qe7 16. g4 Rfd8 17. g5 g6 18. c3 Bd6 19. h4 c5 20. Ng4 cxd4 21.
Nf6+ Kg7 22. h5 Bf4 23. Qg4 e5 24. c4 Rd6 25. hxg6 hxg6 26. Rh1 Bxh1 27. Rxh1
Rxf6 28. Qh4 Rg8 29. Qh6# 1-0

[Event "European Blitz 2022"]
[Site "Katowice POL"]
[Date "2022.12.16"]
[Round "15.56"]
[White "Wojdak, Jan"]
[Black "Seemann, Jakub"]
[Result "0-1"]
[BlackTitle "FM"]
[WhiteElo "2115"]
[BlackElo "2365"]
[WhiteFideId "21817111"]
[BlackFideId "21874697"]
[EventDate "2022.12.16"]

1. e4 e6 2. d4 d5 3. Nd2 dxe4 4. Nxe4 Nd7 5. Nf3 Ngf6 6. Nxf6+ Nxf6 7. Bd3 c5 8.
dxc5 Bxc5 9. Qe2 Qc7 10. Bg5 O-O 11. Bxf6 gxf6 12. O-O-O b6 13. Qe4 f5 14. Qh4
Qe7 15. Qh6 Bb7 16. Rhe1 f6 17. Bxf5 Bc8 18. Re4 Kh8 19. Qh3 Bb7 20. Rxe6 Qg7
21. Re2 Rad8 22. Rxd8 Rxd8 23. Qh5 Bc6 24. Nh4 Qg5+ 25. Qxg5 fxg5 26. Nf3 Bxf3
27. gxf3 Bd6 28. h3 Bf4+ 29. Re3 Bxe3+ 30. fxe3 Kg7 31. Bd3 h6 32. Kd2 Kf6 33.
Ke2 Ke5 34. a4 a5 35. c3 Rd6 36. b4 Rd8 37. Kd2 b5 38. axb5 a4 39. Kc2 a3 40.
Bc4 Rf8 41. Be2 a2 42. Kb2 Ra8 43. Ka1 Ra3 44. b6 Kd6 45. c4 Rxe3 46. c5+ Kc6
47. Ba6 Rb3 48. b5+ Kd7 49. b7 Kc7 50. b6+ Kb8 51. Kxa2 Rc3 52. Kb2 Rxc5 53. Be2
Rc6 54. Kb3 Kxb7 55. Kb4 Kxb6 56. Bc4 Rf6 57. Bd5 Rf4+ 58. Kc3 Kc5 59. Be4 h5
60. Kd3 Kd6 61. Ke3 Ke5 62. Bb7 Rb4 63. Be4 Rb3+ 64. Kf2 Kf4 0-1

[Event "European Blitz 2022"]
[Site "Katowice POL"]
[Date "2022.12.16"]
[Round "15.57"]
[White "Czernek, Tymon"]
[Black "Paehtz, Elisabeth"]
[Result "1-0"]
[WhiteTitle "FM"]
[BlackTitle "GM"]
[WhiteElo "2302"]
[BlackElo "2464"]
[WhiteFideId "1199510"]
[BlackFideId "4641833"]
[EventDate "2022.12.16"]

1. e4 g6 2. d4 Bg7 3. Nc3 d6 4. f4 a6 5. a4 Nf6 6. Nf3 Nc6 7. Be2 Bg4 8. Be3 O-O
9. O-O Nd7 10. h3 Bxf3 11. Bxf3 e5 12. Ne2 Re8 13. fxe5 dxe5 14. d5 Ne7 15. c4
b6 16. a5 Nc8 17. b4 Nd6 18. Qd3 b5 19. cxb5 Nxb5 20. Rac1 Qe7 21. Bd2 Nf8 22.
Rc6 Bf6 23. Bg4 Bg5 24. Bxg5 Qxg5 25. Rcf6 Re7 26. Qf3 Nd6 27. Be6 Nf5 28. Rxf7
Nxe6 29. dxe6 Rxf7 30. exf7+ Kg7 31. exf5 Rf8 32. fxg6 hxg6 33. Ng3 Qe7 34. Ne4 1-0

[Event "European Blitz 2022"]
[Site "Katowice POL"]
[Date "2022.12.16"]
[Round "15.58"]
[White "Wilk, Krzysztof"]
[Black "Stefanova, Antoaneta"]
[Result "0-1"]
[BlackTitle "GM"]
[WhiteElo "2107"]
[BlackElo "2442"]
[WhiteFideId "1116193"]
[BlackFideId "2902257"]
[EventDate "2022.12.16"]

1. b4 a5 2. b5 e5 3. e3 d5 4. d4 Nd7 5. c4 dxc4 6. Bxc4 Nb6 7. Bb3 exd4 8. exd4
Bb4+ 9. Kf1 Nf6 10. h3 O-O 11. Nf3 Bf5 12. Bg5 Qd6 13. a3 a4 14. Bc2 Bxc2 15.
Qxc2 Ba5 16. g3 Nfd5 17. Kg2 h6 18. Bd2 Rfe8 19. Bxa5 Rxa5 20. Qd3 Qd7 21. Nbd2
Qxb5 22. Qxb5 Rxb5 23. Rab1 Rxb1 24. Rxb1 f6 25. Kf1 Kf7 26. Ne1 Nc3 27. Rb4
Ncd5 28. Rb2 Re6 29. Nd3 c6 30. Nc5 Re7 31. Nde4 Nc4 32. Rxb7 Rxb7 33. Nxb7 Nxa3
34. Nbc5 Nb6 35. Nc3 Nc2 36. N3xa4 Nxa4 37. Nxa4 Nxd4 38. Nc5 Ke7 39. f4 Kd6 40.
Nd3 c5 41. Kf2 c4 42. Nb2 Kd5 43. Ke3 Nf5+ 44. Kf3 Kd4 45. g4 Nd6 46. h4 c3 0-1

[Event "European Blitz 2022"]
[Site "Katowice POL"]
[Date "2022.12.16"]
[Round "15.59"]
[White "Aksonova, Tetiana"]
[Black "Asllani, Muhamet"]
[Result "1/2-1/2"]
[WhiteTitle "WFM"]
[WhiteElo "2192"]
[BlackElo "2228"]
[WhiteFideId "14106086"]
[BlackFideId "22100300"]
[EventDate "2022.12.16"]

1. e4 e5 2. Nf3 Nc6 3. Bb5 Nf6 4. d3 Bc5 5. O-O d6 6. c3 O-O 7. h3 h6 8. Re1 Bb6
9. d4 exd4 10. cxd4 d5 11. e5 Ne4 12. Nc3 Bf5 13. Be3 a6 14. Ba4 Ba5 15. Rc1 b5
16. Bb3 Nxc3 17. bxc3 Qd7 18. Nh4 Be4 19. Qh5 Qe6 20. f3 Bg6 21. Nxg6 fxg6 22.
Qg4 Qf7 23. Bf2 Rad8 24. Bg3 Rfe8 25. Re3 Ne7 26. e6 Qf6 27. Re5 c6 28. Bh4 g5
29. Bg3 Bc7 30. Re2 Bxg3 31. Qxg3 Nf5 32. Qe5 Re7 33. Rce1 Rd6 34. Bc2 Rdxe6 35.
Qxf6 Rxe2 36. Qxf5 Rxe1+ 37. Kh2 R1e2 38. Qh7+ Kf7 39. Qg6+ Kg8 40. Qh7+ Kf7 41.
Qg6+ Kg8 1/2-1/2

[Event "European Blitz 2022"]
[Site "Katowice POL"]
[Date "2022.12.16"]
[Round "15.61"]
[White "Kovalevsky, Stanislav"]
[Black "Batsiashvili, Nino"]
[Result "1/2-1/2"]
[WhiteTitle "FM"]
[BlackTitle "GM"]
[WhiteElo "2237"]
[BlackElo "2493"]
[WhiteFideId "13508598"]
[BlackFideId "13602993"]
[EventDate "2022.12.16"]

1. c4 e5 2. Nc3 f5 3. g3 Nf6 4. Bg2 d6 5. e3 g6 6. b4 Bg7 7. Bb2 O-O 8. Nge2 c6
9. O-O Be6 10. d3 Qe8 11. a4 Nbd7 12. a5 a6 13. b5 axb5 14. cxb5 Nc5 15. a6 Bb3
16. Qd2 cxb5 17. axb7 Rb8 18. Ra7 b4 19. Nb1 Bd5 20. d4 Nfe4 21. Qxb4 Rxb7 22.
Rxb7 Nxb7 23. dxe5 dxe5 24. Nbc3 Nxc3 25. Bxd5+ Nxd5 26. Qxb7 Qf7 27. Qxf7+ Kxf7
28. Ra1 Rc8 29. Ra7+ Rc7 30. Rxc7+ Nxc7 31. Kg2 1/2-1/2

[Event "European Blitz 2022"]
[Site "Katowice POL"]
[Date "2022.12.16"]
[Round "15.62"]
[White "Reza, Wojciech"]
[Black "Jarmula, Lukasz"]
[Result "0-1"]
[WhiteTitle "FM"]
[BlackTitle "GM"]
[WhiteElo "2290"]
[BlackElo "2469"]
[WhiteFideId "1151967"]
[BlackFideId "1160664"]
[EventDate "2022.12.16"]

1. c4 b6 2. Nf3 Bb7 3. e3 g6 4. Be2 Bg7 5. O-O Nf6 6. d4 O-O 7. Nc3 c5 8. d5 d6
9. e4 Nbd7 10. h3 Ne5 11. Nxe5 dxe5 12. Be3 Ne8 13. a3 Nd6 14. b4 Rc8 15. bxc5
bxc5 16. f3 f5 17. Qc2 Qa5 18. Rfc1 Ba6 19. Qa4 Qxa4 20. Nxa4 fxe4 21. fxe4 Nxe4
22. Rab1 Ng3 23. Bg4 Nf5 24. Bxc5 e4 25. Bxf5 Rxf5 26. Bxe7 Rxc4 27. Rxc4 Bxc4
28. d6 Be6 29. Rc1 Bd7 30. Nc3 Rc5 31. Ne2 Rxc1+ 32. Nxc1 Bb2 33. Nb3 Bxa3 34.
Kf2 Kf7 35. Ke3 Bb4 36. Kxe4 a5 37. Nd4 a4 38. Nc2 Bc5 39. Kd5 Bb6 40. Na3 Bf2
41. Ke4 Bc6+ 42. Ke5 Bg3+ 43. Kd4 Ke6 44. Nc4 Bxg2 45. Nb6 Bc6 46. Kc4 Bxd6 47.
Bxd6 Kxd6 48. Kb4 Ke5 49. Kc5 Bg2 50. Nxa4 Bxh3 51. Nb2 h5 52. Nd3+ Kf5 53. Kd4
g5 54. Ke3 h4 55. Kf2 g4 56. Ne1 Ke4 57. Nc2 g3+ 58. Kg1 Bg4 59. Ne1 h3 60. Ng2
hxg2 61. Kxg2 Kf4 0-1

[Event "European Blitz 2022"]
[Site "Katowice POL"]
[Date "2022.12.16"]
[Round "15.63"]
[White "Piotrowski, Przemyslaw"]
[Black "Cherniaiev, Tykhon"]
[Result "0-1"]
[WhiteTitle "FM"]
[BlackTitle "FM"]
[WhiteElo "2247"]
[BlackElo "2330"]
[WhiteFideId "1127063"]
[BlackFideId "14182360"]
[EventDate "2022.12.16"]

1. d4 Nf6 2. Nf3 e6 3. g3 d5 4. Bg2 Be7 5. O-O O-O 6. c4 dxc4 7. Qc2 a6 8. a4
Bd7 9. Qxc4 Bc6 10. Bg5 Bd5 11. Qd3 Be4 12. Qc4 Nbd7 13. Nc3 Bg6 14. Rfe1 c5 15.
Rad1 Nb6 16. Qb3 c4 17. Qa2 Nfd5 18. Bxe7 Qxe7 19. a5 Nxc3 20. bxc3 Nd5 21. Qb2
Qc7 22. e4 Nf6 23. Ne5 Qxa5 24. Nxc4 Qc7 25. Nb6 Rad8 26. e5 Nd5 27. Nxd5 exd5
28. e6 fxe6 29. Rxe6 Bf7 30. Re5 Qc6 31. Rde1 Rc8 32. R1e3 b5 33. h4 a5 34. Re7
Rfe8 35. Qa2 Rxe7 36. Rxe7 Qd6 37. Ra7 a4 38. Qb2 Qc6 39. Qe2 Re8 40. Qf3 Qe6
41. Kh2 h6 42. Qf4 Bg6 43. Qc7 Bf7 44. Rb7 Qf6 45. f4 Re2 46. Rb8+ Kh7 47. Qc8
Be6 48. Qh8+ Kg6 49. Qe8+ Qf7 50. f5+ Kxf5 51. Qd8 Kg6 52. Kg1 Qf2+ 0-1